000 00426nam a2200133Ia 4500
005 20260328101515.0
008 260328s9999||||xx |||||||||||||| ||und||
100 _aDepartamento de Viviendas y otros edificios
245 0 _aViviendas Rurales :
_b Experiencias sobre prefabricación en Cuba /
_cDepartamento de Viviendas y otros edificios
260 _b----
300 _a105 p.
650 _aARQUITECTURA VERNACULAR
942 _cBK
999 _c9352
_d9352